<?xml version="1.0" encoding="UTF-8"?><?xml-stylesheet type="text/xsl" href="static/style.xsl"?><OAI-PMH xmlns="http://www.openarchives.org/OAI/2.0/" xmlns:xsi="http://www.w3.org/2001/XMLSchema-instance" xsi:schemaLocation="http://www.openarchives.org/OAI/2.0/ http://www.openarchives.org/OAI/2.0/OAI-PMH.xsd"><responseDate>2026-04-17T01:55:04Z</responseDate><request verb="GetRecord" identifier="oai:www.recercat.cat:10256/11713" metadataPrefix="marc">https://recercat.cat/oai/request</request><GetRecord><record><header><identifier>oai:recercat.cat:10256/11713</identifier><datestamp>2024-06-18T13:50:31Z</datestamp><setSpec>com_2072_452955</setSpec><setSpec>com_2072_2054</setSpec><setSpec>col_2072_453073</setSpec></header><metadata><record xmlns="http://www.loc.gov/MARC21/slim" xmlns:dcterms="http://purl.org/dc/terms/" xmlns:xsi="http://www.w3.org/2001/XMLSchema-instance" xmlns:doc="http://www.lyncode.com/xoai" xsi:schemaLocation="http://www.loc.gov/MARC21/slim http://www.loc.gov/standards/marcxml/schema/MARC21slim.xsd">
   <leader>00925njm 22002777a 4500</leader>
   <datafield ind2=" " ind1=" " tag="042">
      <subfield code="a">dc</subfield>
   </datafield>
   <datafield ind2=" " ind1=" " tag="720">
      <subfield code="a">Dakkach, Mohamed</subfield>
      <subfield code="e">author</subfield>
   </datafield>
   <datafield ind2=" " ind1=" " tag="720">
      <subfield code="a">Fontrodona, Xavier</subfield>
      <subfield code="e">author</subfield>
   </datafield>
   <datafield ind2=" " ind1=" " tag="720">
      <subfield code="a">Parella Coll, Teodor</subfield>
      <subfield code="e">author</subfield>
   </datafield>
   <datafield ind2=" " ind1=" " tag="720">
      <subfield code="a">Atlamsani, Ahmed</subfield>
      <subfield code="e">author</subfield>
   </datafield>
   <datafield ind2=" " ind1=" " tag="720">
      <subfield code="a">Romero García, Isabel</subfield>
      <subfield code="e">author</subfield>
   </datafield>
   <datafield ind2=" " ind1=" " tag="720">
      <subfield code="a">Rodríguez Pizarro, Montserrat</subfield>
      <subfield code="e">author</subfield>
   </datafield>
   <datafield ind2=" " ind1=" " tag="260">
      <subfield code="c">info:eu-repo/date/embargoEnd/2026-01-01</subfield>
   </datafield>
   <datafield ind2=" " ind1=" " tag="260">
      <subfield code="c">info:eu-repo/date/embargoEnd/2026-01-01</subfield>
   </datafield>
   <datafield ind2=" " ind1=" " tag="260">
      <subfield code="c">2014</subfield>
   </datafield>
   <datafield ind2=" " ind1=" " tag="520">
      <subfield code="a">New Ru complexes containing the bpea-pyr ligand (bpea-pyr stands for N,N-bis(pyridin-2-ylmethyl)-3-(1H-pyrrol-1-yl)propan-1-amine), with the formula [RuCl2(bpea-pyr)(dmso)] (isomeric complexes 2a and 2b) or [Ru(CN-Me)(bpea-pyr)X)]n+ (CN-Me = 3-methyl-1-(pyridin-2-yl)-1H- imidazol-3-ium-2-ide; X = Cl, 3, or X = H2O, 4), have been prepared and fully characterized. Complexes 3 and 4 have been anchored onto an electrode surface through electropolymerization of the attached pyrrole group, yielding stable polypyrrole films. The electrochemical behaviour of 4, which displays a bielectronic Ru(IV/II) redox pair in solution, is dramatically affected by the electropolymerization process leading to the occurrence of two monoelectronic Ru(IV/III) and Ru(III/II) redox pairs in the heterogeneous system. A carbon felt modified electrode containing complex 4 (C-felt/poly-4) has been evaluated as a heterogeneous catalyst in the epoxidation of various olefin substrates using PhI(OAc)2 as an oxidant, displaying TON values of several thousands in all cases and good selectivity for the epoxide product</subfield>
   </datafield>
   <datafield ind2=" " ind1=" " tag="520">
      <subfield code="a">This research was financed by MINECO of Spain through projects CTQ2010-21532-C02-01, CTQ2012-32436 and CTQ2009-08328. The authors acknowledge STR from UdG for technical support</subfield>
   </datafield>
   <datafield ind1="8" ind2=" " tag="024">
      <subfield code="a">http://hdl.handle.net/10256/11713</subfield>
   </datafield>
   <datafield tag="653" ind2=" " ind1=" ">
      <subfield code="a">Catalitzadors</subfield>
   </datafield>
   <datafield tag="653" ind2=" " ind1=" ">
      <subfield code="a">Catalysts</subfield>
   </datafield>
   <datafield tag="653" ind2=" " ind1=" ">
      <subfield code="a">Catàlisi heterogènia</subfield>
   </datafield>
   <datafield tag="653" ind2=" " ind1=" ">
      <subfield code="a">Heterogeneous catalysis</subfield>
   </datafield>
   <datafield ind2="0" ind1="0" tag="245">
      <subfield code="a">Polypyrrole-functionalized ruthenium carbene catalysts as efficient heterogeneous systems for olefin epoxidation</subfield>
   </datafield>
</record></metadata></record></GetRecord></OAI-PMH>